[Event "Hessen-ch qual-E"]
[Site "Erlensee"]
[Date "2007.04.06"]
[Round "1"]
[White "Woschinski, Thomas"]
[Black "Goettle, Markus"]
[Result "0-1"]
[WhiteElo "1462"]
[BlackElo "1368"]
[PlyCount "108"]
[EventDate "2007.04.06"]
[EventType "swiss"]
[EventRounds "5"]
[EventCountry "GER"]
[SourceTitle "CBM 117 Extra"]
[Source "ChessBase"]
[SourceDate "2007.05.09"]
[SourceVersion "1"]
[SourceVersionDate "2007.05.09"]
[SourceQuality "1"]

1. e4 d5 2. exd5 Qxd5 3. Nc3 Qa5 4. d4 c6 5. Nf3 Bg4 6. Qd3 Nf6 7. Bd2 Bf5 8. Ne4 Qd5 9. Nxf6+ gxf6 10. Qe3 Bxc2 11. b3 Qe4 12. Be2 Rg8 13. Qxe4 Bxe4 14. 0-0 e6 15. g3 Nd7 16. Bf4 Nb6 17. Nd2 Bd5 18. Rac1 0-0-0 19. Be3 Bd6 20. f3 f5 21. f4 f6 22. Nc4 Bc7 23. b4 Nxc4 24. Bxc4 h5 25. Kf2 h4 26. Bxd5 hxg3+ 27. hxg3 cxd5 28. Rh1 Rh8 29. Ke2 Rdg8 30. Bf2 Kd7 31. a4 a6 32. Kf3 Bd6 33. b5 Rxh1 34. Rxh1 Rc8 35. Rh7+ Be7 36. bxa6 bxa6 37. a5 Rc3+ 38. Ke2 Ra3 39. Be1 Ra4 40. Kd3 Rc4 41. Bc3 Ke8 42. Rh8+ Bf8 43. Rh7 Rc6 44. Rb7 Bd6 45. Rb6 Rxb6 46. axb6 Kd7 47. Kc2 Kc6 48. Kb3 Kxb6 49. Ka4 Bc7 50. Bb4 e5 51. Be7 exf4 52. gxf4 Bxf4 53. Bxf6 Be3 54. Be5 f4 0-1